000 00624nam a2200229Ia 4500
003 OSt
005 20221007080142.0
006 a|||||r|||| 00| 0
007 ta
008 221006b |||||||| |||| 00| 0 eng d
024 _a9,011
037 _cTextual
040 _aFLL
_cFLL
_beng
041 _2eng
_aeng
082 _aX:72:Z2q, N8
100 _aTaxmann's Au.
_9694674
245 0 _aDirect taxes problems and solutions
260 _aNew Delhi
_bTaxmann publications (p.) ltd. India
_c1998
300 _a192p
_ccm.
942 _hX:72:Z2q, N8
_cTEXL
_2CC
999 _c1158502
_d1158502